| 000 | 00963nam a2200229Ia 4500 | ||
|---|---|---|---|
| 003 | GCL | ||
| 008 | 140319s9999 xx 000 0 ara d | ||
| 040 |
_aGCL / _cGCL |
||
| 082 | 0 | 4 |
_a953.16535 _bج ت |
| 100 | 1 | _aجبارة البرغوثى | |
| 245 | 1 | 0 |
_aتاريخ الخليج العربى / _cجبارة البرغوثى |
| 250 | _aالاولى | ||
| 260 |
_aسوريا : _bدار كنعان للدراسات والنشر ، _c2005 |
||
| 300 |
_a166 ص ؛ _c24 سم |
||
| 650 | 0 | 4 | _aالخليج العربى - تاريخ |
| 650 | 0 | 4 | _aالخليج العربى - جغرافيا بشرية |
| 650 | 0 | 4 | _aالخليج العربى - التدخل الاجنبى - البرتغال |
| 650 | 0 | 4 | _aالخليج العربى - التدخل الاجنبى - هولندا |
| 650 | 0 | 4 | _aالخليج العربى - التدخل الاجنبى - فرنسا |
| 650 | 0 | 4 | _aالخليج العربى - التدخل الاجنبى - روسيا |
| 942 |
_2ddc _cBK |
||
| 999 |
_c8122 _d8122 |
||